<?xml version="1.0" encoding="UTF-8"?>
<record
    xmlns:xsi="http://www.w3.org/2001/XMLSchema-instance"
    xsi:schemaLocation="http://www.loc.gov/MARC21/slim http://www.loc.gov/standards/marcxml/schema/MARC21slim.xsd"
    xmlns="http://www.loc.gov/MARC21/slim">

  <leader>01429nam a2200277 a 4500</leader>
  <controlfield tag="001">BRCA_8314</controlfield>
  <controlfield tag="005">20190320210225.0</controlfield>
  <controlfield tag="008">240614s1848----enk####f##---#000-0#eng-#</controlfield>
  <datafield tag="041" ind1=" " ind2=" ">
    <subfield code="a">eng</subfield>
  </datafield>
  <datafield tag="044" ind1=" " ind2=" ">
    <subfield code="a">enk</subfield>
  </datafield>
  <datafield tag="050" ind1=" " ind2="4">
    <subfield code="a">PZ3</subfield>
    <subfield code="b">.R38 1848</subfield>
  </datafield>
  <datafield tag="100" ind1="1" ind2=" ">
    <subfield code="a">Rathbone, Hannah Mary</subfield>
    <subfield code="d">1798-1878</subfield>
    <subfield code="9">20758</subfield>
  </datafield>
  <datafield tag="245" ind1="1" ind2="0">
    <subfield code="a">Some further portions of the diary of Lady Willoughby</subfield>
    <subfield code="b">which do relate to her domestic history and to the events of the latter years of the reign of King Charles the First, the protectorate, and the restoration.</subfield>
    <subfield code="c">Lady Willoughby.</subfield>
  </datafield>
  <datafield tag="260" ind1=" " ind2=" ">
    <subfield code="a">Londres</subfield>
    <subfield code="b">Longman, Brown, Green and Longmans</subfield>
    <subfield code="c">1848</subfield>
  </datafield>
  <datafield tag="300" ind1=" " ind2=" ">
    <subfield code="a">2 v.</subfield>
    <subfield code="c">22 cm.</subfield>
  </datafield>
  <datafield tag="500" ind1=" " ind2=" ">
    <subfield code="a">Dos ejemplares inventariados por el Banco de M&#xE9;xico como un solo libro</subfield>
  </datafield>
  <datafield tag="500" ind1=" " ind2=" ">
    <subfield code="a">Estado f&#xED;sico: volumen 2 con tapas y lomo rotos, sujetados por un lazo</subfield>
  </datafield>
  <datafield tag="500" ind1=" " ind2=" ">
    <subfield code="a">R2</subfield>
  </datafield>
  <datafield tag="505" ind1="0" ind2=" ">
    <subfield code="a">v.1 Some further portions of the diary of Lady Willoughby and to the events of the latter years of the reign of King Charles the First, the protectorate, and the restoration.-- v2. So much of the Diary of Lady Willoughby as relates to her domestic History an to the eventful period of reign of Charles the First</subfield>
  </datafield>
  <datafield tag="600" ind1="1" ind2="4">
    <subfield code="a">Willoughby, Elizabeth Cecil</subfield>
    <subfield code="c">Baronesa</subfield>
    <subfield code="d">1663?m</subfield>
    <subfield code="9">20759</subfield>
  </datafield>
  <datafield tag="600" ind1="1" ind2="4">
    <subfield code="a">Charles I</subfield>
    <subfield code="c">Rey de Inglaterra, Escocia e Irlanda</subfield>
    <subfield code="d">1600-1649</subfield>
    <subfield code="9">20760</subfield>
  </datafield>
  <datafield tag="650" ind1="1" ind2="4">
    <subfield code="a">Literatura</subfield>
    <subfield code="v">Diarios</subfield>
    <subfield code="9">20761</subfield>
  </datafield>
  <datafield tag="651" ind1=" " ind2="4">
    <subfield code="a">Inglaterra</subfield>
    <subfield code="x">Historia</subfield>
    <subfield code="9">20762</subfield>
  </datafield>
  <datafield tag="902" ind1=" " ind2=" ">
    <subfield code="a">GFM</subfield>
  </datafield>
  <datafield tag="942" ind1=" " ind2=" ">
    <subfield code="2">lcc</subfield>
    <subfield code="c">B</subfield>
  </datafield>
  <datafield tag="999" ind1=" " ind2=" ">
    <subfield code="c">7982</subfield>
    <subfield code="d">7982</subfield>
  </datafield>
  <datafield tag="952" ind1=" " ind2=" ">
    <subfield code="0">0</subfield>
    <subfield code="1">0</subfield>
    <subfield code="4">0</subfield>
    <subfield code="7">0</subfield>
    <subfield code="a">BRCA</subfield>
    <subfield code="b">BRCA</subfield>
    <subfield code="d">2014-06-24</subfield>
    <subfield code="i">R2</subfield>
    <subfield code="l">0</subfield>
    <subfield code="o">PZ3 .R38 1848 (R2)</subfield>
    <subfield code="p">8938</subfield>
    <subfield code="r">2019-03-22 00:00:00</subfield>
    <subfield code="w">2019-03-22</subfield>
    <subfield code="y">B</subfield>
  </datafield>
</record>
